1273 1481 1447 1212 1341 1961 1962 1506 1945 1174 1925 1095 1803 1644 1795 1354 1175 1495 1193 1909 1285 1905 1985 1253 1859 1714 1661 1712 1669 1544 1298 1532 1733 1095 1734 1462 1874 1266 1776 1787 1948 1419 1310 1072 1486 1443 1514 1258 1002 1173 1358 1756 1001 1090 1542 1413 1379 1098 1963 1669 1787 1232 1087 1548 1844 1827 1357 1434 1604 1136 1402 1636 1380 1469 1905 1791 1250 1994 1513 1428 1262 1559 1836 1978 1517 1586 1662 1699 1957 1385 1307 1553 1198 1895 1087 1069 1577 1969 1622 BCNSPRNW ULIB Ver.6.0+V

เปลี่ยนเป็นภาษาไทย

Change to English
 แสดงรายละเอียดบรรณานุกรม
  กลับหน้าหลัก

Brief Record : Get Marc (ISO 2709) : E-mail record : QR code < ปิดหน้าต่าง
LEADER : 00000nam 2200000uu 4500
001    13399112497
003     ULIB
008    110627s2552||||th 000 0 tha d
020    9786110600248
090    นว.^bม756L 2552
100 0  เมย์ 112
245 00 Lovey brother แผนรักร้ายของ(พี่)ชายจอมเจ้าเล่ห์/^cเมย์ 112
250    พิมพ์ครั้งที่ 1
260    กรุงเทพฯ :^bแจ่มใส,^c2552
300    195 หน้า
710 1  แจ่มใส
945    ^p149^l0^i026131
995    ทศพร
999 ^a ใช้งานได้ทุกระบบ
รายการนี้ยังไม่มีแท็ก
คุณยังไม่ได้ล็อกอิน คุณสามารถมีกิจกรรมร่วมกับเว็บไซต์ได้ แต่ต้องล็อกอินก่อน ::
  ล็อกอิน

รายการสื่อสารสนเทศ

ลำดับที่ ประเภท เลขเรียก/บาร์โค้ด สถานที่ สถานะ
- ไม่พบข้อมูล -

รายการใกล้เคียง
    ผู้แต่ง [เมย์ 112]

BibComment


ยังไม่เคยถูกคอมเมนท์

คอมเมนท์ทรัพยากรรายการนี้
  คอมเมนท์: Lovey brother แผน..


 Copyright 2026. Bcnsprnw @Library